Spell the Country #29 - Statistics

General Stats
  • This quiz has been taken 44 times
  • The average score is 7 of 7
Answer Stats
Picture Answer % Correct
Australia
100%
China
100%
Norway
100%
Algeria
97%
Denmark
97%
Azerbaijan
92%
Canada
89%
No matching quizzes found
Score Distribution
Percent of People with Each Score
Percentile by Number Answered
Your Score History
You have not taken this quiz